Необычная жизнь Квинта Корнелия Сизенны. Т. 3: Римская республика и Галлия (Запись № 13501046)

Подробности
000 -МАРКЕР
контрольное поле 01786nam2a2200265 4500
001 - ИДЕНТИФИКАТОР ЗАПИСИ
контрольное поле RU\NLR\BIBL_A\022681146
005 - ИДЕНТИФИКАТОР ВЕРСИИ
контрольное поле 20251226154710.0
010 ## - МЕЖДУНАРОДНЫЙ СТАНДАРТНЫЙ НОМЕР КНИГИ (ISBN)
Номер (ISBN) 978-5-00227-578-6
Тираж 500
021 ## - НОМЕР ГОСУДАРСТВЕННОЙ РЕГИСТРАЦИИ
Код страны Российская Федерация
Номер КН-П-25-064347
Номер Листа государственной регистраци КН-П-25-6235
035 ## - ДРУГИЕ СИСТЕМНЫЕ НОМЕРА
Идентификатор записи (NLR Aleph) 022681146
100 ## - ДАННЫЕ ОБЩЕЙ ОБРАБОТКИ
Данные общей обработки 20251205d2025 u y0rusy50 ca
101 0# - ЯЗЫК РЕСУРСА
Язык текста, звукозаписи и т.д. русский
102 ## - СТРАНА ПУБЛИКАЦИИ ИЛИ ПРОИЗВОДСТВА
Страна публикации Российская Федерация
105 ## - ПОЛЕ КОДИРОВАННЫХ ДАННЫХ: ТЕКСТОВЫЕ МАТЕРИАЛЫ, МОНОГРАФИЧЕСКИЕ
Кодированные данные о монографическом текстовом документе ac z 000ay
200 1# - ЗАГЛАВИЕ И СВЕДЕНИЯ ОБ ОТВЕТСТВЕННОСТИ
Основное заглавие Римская республика и Галлия
Сведения, относящиеся к заглавию Римская республика во времена Гракхов – восстание союзников-латинян во Фрегеллах – пираты Балеарских островов – римская провинция Ближняя Испания – земли галлов (совр. Франция)
210 ## - ПУБЛИКАЦИЯ, РАСПРОСТРАНЕНИЕ И ДР.
Дата издания, распространения и т.д. 2025
215 ## - ФИЗИЧЕСКАЯ ХАРАКТЕРИСТИКА
Специфическое обозначение материала и объем 286 с.
Другие сведения о физической характеристике ил., портр., табл.
320 ## - ПРИМЕЧАНИЯ О НАЛИЧИИ В ДОКУМЕНТЕ БИБЛИОГРАФИИ / УКАЗАТЕЛЯ
Текст примечания Библиогр.: с. 266–269
320 ## - ПРИМЕЧАНИЯ О НАЛИЧИИ В ДОКУМЕНТЕ БИБЛИОГРАФИИ / УКАЗАТЕЛЯ
Текст примечания Другие кн. авт.: с. 276–286
461 #0 - УРОВЕНЬ НАБОРА
Встроенное поле 001RU\NLR\BIBL_A\022632800
-- 2001#$aНеобычная жизнь Квинта Корнелия Сизенны$e(историко-философско-приключенческий роман)$fкандидат исторических наук Ашрафьян К. Э.$vТ. 3
-- 700#1$aАшрафьян$bК. Э.$gКонстантин Эдуардович
Системный номер (АБИС) связанной записи 13497273
Автор Ашрафьян, К. Э.
Место публикации Москва
Дата публикации 2025-
Первые сведения об ответственности кандидат исторических наук Ашрафьян К. Э.
Имя издателя, распространителя и т.д. Сам Полиграфист
Сведения, относящиеся к заглавию (историко-философско-приключенческий роман)
Заглавие Необычная жизнь Квинта Корнелия Сизенны
Номер тома Т. 3
942 ## - ДОПОЛНИТЕЛЬНЫЕ ЭЛЕМЕНТЫ ЗАПИСИ (АБИС)
Тип экземпляра АБИС Книга
980 ## - КОЛЛЕКЦИЯ
Название коллекции Национальная библиография

Нет доступных экземпляров.